Teach yourself visually microsoft office 2000 / (Record no. 94)

000 -LEADER
fixed length control field 01061 a2200217 4500
020 ## - INTERNATIONAL STANDARD BOOK NUMBER
International Standard Book Number 0764560514
020 ## - INTERNATIONAL STANDARD BOOK NUMBER
International Standard Book Number 9780764560514
082 04 - DEWEY DECIMAL CLASSIFICATION NUMBER
Classification number 005.369
090 ## - LOCALLY ASSIGNED LC-TYPE CALL NUMBER (OCLC); LOCAL CALL NUMBER (RLIN)
-- 3965
-- 3965
100 1# - MAIN ENTRY--PERSONAL NAME
Personal name Maran, Ruth.
245 10 - TITLE STATEMENT
Title Teach yourself visually microsoft office 2000 /
Statement of responsibility, etc. Ruth Maran.
250 ## - EDITION STATEMENT
Edition statement 1st ed.
260 ## - PUBLICATION, DISTRIBUTION, ETC.
Place of publication, distribution, etc. [S.l.] :
Name of publisher, distributor, etc. Visual,
Date of publication, distribution, etc. 1999.
300 ## - PHYSICAL DESCRIPTION
Extent 416 p. ;
Dimensions 23 cm.
500 ## - GENERAL NOTE
General note Paperback.
520 ## - SUMMARY, ETC.
Summary, etc. Read less and learn more. Teach Yourself Microsoft® Office 2000 VISUALLY™ makes understanding the basics of this powerful suite of programs easy and fun. The book features beautiful 3D drawings that fully illustrate each topic. You also find clear, concise, and jargon-free descriptions, time-saving advice, and two-page color spreads that provide complete coverage of key topic
700 ## - ADDED ENTRY--PERSONAL NAME
Personal name maranGraphic
856 ## - ELECTRONIC LOCATION AND ACCESS
Materials specified Amazon.com
Uniform Resource Identifier <a href="http://www.amazon.com/exec/obidos/ASIN/0764560514/chopaconline-">http://www.amazon.com/exec/obidos/ASIN/0764560514/chopaconline-</a>
856 ## - ELECTRONIC LOCATION AND ACCESS
Materials specified Amazon customer reviews
Uniform Resource Identifier <a href="http://www.chopac.org/cgi-bin/tools/azrev.pl?q=07645605">http://www.chopac.org/cgi-bin/tools/azrev.pl?q=07645605</a>
942 ## - ADDED ENTRY ELEMENTS (KOHA)
Koha item type Book
Call number prefix 005.369 LES
Holdings
Withdrawn status Lost status Source of classification or shelving scheme Damaged status Not for loan Permanent Location Current Location Date acquired Total Checkouts Full call number Barcode Date last seen Price effective from Koha item type
          Institute of Environmental Science and Engineering (IESE) Institute of Environmental Science and Engineering (IESE) 12/08/2016   005.369 IESE-622 12/08/2016 12/08/2016 Book
© 2023 Central Library, National University of Sciences and Technology. All Rights Reserved.